सोमनाथ/ (Record no. 207759)
[ view plain ]
| 000 -LEADER | |
|---|---|
| fixed length control field | 00722nam a22001817a 4500 |
| 005 - DATE AND TIME OF LATEST TRANSACTION | |
| control field | 20241217172357.0 |
| 010 ## - LCCN (DPL NO) | |
| LC control number | HIN-128934 |
| 020 ## - INTERNATIONAL STANDARD BOOK NUMBER | |
| International Standard Book Number | 9789390594078 |
| Terms of availability | 399.00 |
| 035 ## - SYSTEM CONTROL NUMBER | |
| System control number | HN-101280 |
| 037 ## - SOURCE OF ACQUISITION | |
| Source of stock number/acquisition | DBAD |
| 082 ## - DEWEY DECIMAL CLASSIFICATION NUMBER | |
| Classification number | उ |
| 100 ## - MAIN ENTRY--PERSONAL NAME | |
| Personal name | चतुरसेन |
| 245 ## - TITLE STATEMENT | |
| Title | सोमनाथ/ |
| Statement of responsibility, etc | चतुरसेन |
| 260 ## - PUBLICATION, DISTRIBUTION, ETC. (IMPRINT) | |
| Place of publication, distribution, etc | नई दिल्ली |
| Name of publisher, distributor, etc | एमटी कैनवास प्रकाशन |
| Date of publication, distribution, etc | 2021 |
| 270 ## - ADDRESS | |
| Address | 4435-36/7, प्रथम तल, अंसारी रोड, दरियागंज |
| City | नई दिल्ली |
| Postal code | 110002 |
| Electronic mail address | contact@emptycanvaspublishers.com |
| 300 ## - PHYSICAL DESCRIPTION | |
| Extent | 381 पृ. |
| Dimensions | 21सेमी (अजिल्द) |
| 942 ## - ADDED ENTRY ELEMENTS (KOHA) | |
| Item type | Hindi Books |
| Source of classification or shelving scheme | Dewey Decimal Classification |
| Classification part | उ |
| Call number suffix | चतुर |
| Withdrawn status | Lost status | Not for loan | Collection code | Home library | Current library | Date acquired | Source of acquisition | Cost, normal purchase price | Full call number | Barcode | Copy number | Cost, replacement price | Koha item type |
|---|---|---|---|---|---|---|---|---|---|---|---|---|---|
| Fiction | R.K.Puram-8 | R.K.Puram-8 | 17/12/2024 | DBAD | 399.00 | उ चतुर | HN-101280 | 1 | 399.00 | Hindi Books |
